Μικρή παγκόσμιος εγκυκλοπαίδεια : (εγκυκλοπαιδικός σύντροφος τσέπης)
Αποθηκεύτηκε σε:
| Κύριος συγγραφέας: | |
|---|---|
| Μορφή: | Βιβλίο |
| Γλώσσα: | Greek |
| Δημοσίευση: |
Αθήναι :
Κάδμος,
1969
|
| Θέματα: | |
| Ετικέτες: |
Προσθήκη ετικέτας
Δεν υπάρχουν, Καταχωρήστε ετικέτα πρώτοι!
|
MARC
| LEADER | 00000cam a2200000 i 4500 | ||
|---|---|---|---|
| 001 | 1/99927 | ||
| 008 | 081220s1969 gre d | ||
| 035 | |l 10102653 | ||
| 040 | |a GR-MY-UA |b gre |e aacr | ||
| 041 | 0 | |a gre | |
| 082 | 0 | |a 039.89 |2 (22) | |
| 100 | 1 | |a Σακελλαρίου, Χάρης Ν. |d 1923- | |
| 245 | 1 | 0 | |a Μικρή παγκόσμιος εγκυκλοπαίδεια : |b (εγκυκλοπαιδικός σύντροφος τσέπης) / |c Χαρη Σακελλαρίου |
| 260 | |a Αθήναι : |b Κάδμος, |c 1969 | ||
| 300 | |a 383 σ.; |c 22 εκ. | ||
| 650 | 0 | 0 | |a Encyclopedias and dictionaries, Greek. |
| 852 | |a INST |b RHODES |c AKA |e 20081220 |h 039.89 ΣΑΚ |p 005400031702 |q 005400031702 |t REF |y 23 | ||
| 901 | |a BIBL4-2008-3 | ||
| 909 | |a Ρ |b 156749 | ||
| 970 | |a ΚΟΖΑ |b ΜΑΡΙΑ |z 2008/12/20 | ||